ბათუმის შოთა რუსთაველის სახელმწიფო უნივერსიტეტის ბიბლიოთეკა

სწორი ღეროების გრეხა : (ბიბ.ჩანაწერი № 39050)

000 -ლიდერი
ფიქსირებული სიგრძის საკონტროლო ველი 01001nam a2200229Ia 4500
001 - საკონტროლო ნომერი
საკონტროლო ველი 5574
003 - საკონტროლო ნომრის იდენტიფიკატორი
საკონტროლო ველი GE_BSU
005 - ბოლო ოპერაციის თარიღი და დრო
საკონტროლო ველი 20190422202429.0
008 - ფიქსირებული სიგრძის მონაცემთა ელემენტები - ზოგადი ინფორმაცია
ფიქსირებული სიგრძის საკონტროლო ველი 181216s1983|||| |||||||||||||| ||geo||
040 ## - კატალოგიზაციის წყარო
Transcribing agency GE_BSU
041 ## - ენის კოდი
Language code of text/sound track or separate title geo
080 ## - უნივერსალური ათობითი კლასიფიკაციის ინდექსი
Universal Decimal Classification number 539.3(075.8)
100 ## - მთავარი ჩანაწერი - პიროვნების სახელი
Personal name სარალიძე, ა
9 (RLIN) 361
245 ## - ცნობა სათაურის შესახებ
Title სწორი ღეროების გრეხა :
Remainder of title დამხმ.სახელმძღვ. /
Statement of responsibility, etc სარალიძე ა ; გაჩეჩილაძე გ ; რედ. ე.გიორგიძე
264 ## - წარმოების, გამოცემის, დისტრიბუციის და სხვა ცნობები
გამოცემის, წარმოების, დისტრიბუციის... ადგილი თბილისი
გამოცემის, წარმოების, დისტრიბუციის... სახელწოდება ტექნიკური უნივერსიტეტი ,
გამოცემის, წარმოების, დისტრიბუციის... თარიღი 1983 .
300 ## - ფიზიკური აღწერა
Extent 98 გვ ;
Other physical details ნახაზ. ცხრ;
Dimensions 20 სმ .
653 ## - INDEX TERM--UNCONTROLLED
Uncontrolled term სწორი ღეროების გრეხა
653 ## - INDEX TERM--UNCONTROLLED
Uncontrolled term მექანიკა .
700 ## - ADDED ENTRY--PERSONAL NAME
Personal name გ . გაჩეჩილაძე
9 (RLIN) 362
700 ## - ADDED ENTRY--PERSONAL NAME
Personal name ე. გიორგიძე
Relator term რედაქტორი
9 (RLIN) 363
942 ## - ADDED ENTRY ELEMENTS (KOHA)
Koha item type წიგნი
Source of classification or shelving scheme
ეგზემპლარები
ჩამოწერის სტატუსი დაკარგული ეგზემპლარის სტატუსი კლასიფიკაციის წყარო ან თაროზე გაწყობის სქემა დაზიანების სტატუსი არ გაიცემა მუდმივი მდებარეობა (დაცვის ადგილი) ამჟამინდელი ადგილსამყოფელი თაროზე განთავსების ადგილი შეძენის თარიღი ღირებულება, შესყიდვის ნორმალური ფასი სრული შენახვის შიფრი შტრიხკოდი ბოლო ოპერაციის თარიღი ეგზემპლარის მიმდევრობითი ნომერი (კეტერი?) ფასის ძალაში შესვლის თარიღი ეგზემპლარის სახეობა საჯარო შენიშვნა
          ტექნოლოგიური ფაკულტეტის ბიბლიოთეკა ტექნოლოგიური ფაკულტეტის ბიბლიოთეკა წიგნსაცავი 2018-12-17 0.34 539.3(075.8) ს- 20 11307 2018-12-17 11307 2018-12-17 წიგნი 0.34 თ.
          ტექნოლოგიური ფაკულტეტის ბიბლიოთეკა ტექნოლოგიური ფაკულტეტის ბიბლიოთეკა   2018-12-17 0.34 539.3(075.8) ს-20 11308 2018-12-17 11308 2018-12-17 წიგნი 0.34 თ.
          ტექნოლოგიური ფაკულტეტის ბიბლიოთეკა ტექნოლოგიური ფაკულტეტის ბიბლიოთეკა წიგნსაცავი 2018-12-17 0.34 539.3(075.8) ს-20 11309 2018-12-17 11309 2018-12-17 წიგნი 0.34 თ
          ტექნოლოგიური ფაკულტეტის ბიბლიოთეკა ტექნოლოგიური ფაკულტეტის ბიბლიოთეკა წიგნსაცავი 2018-12-17 0.34 539.3(075.8) ს-20 11310 2018-12-17 11310 2018-12-17 წიგნი 0.34 თ.